| 000 | 00401nam a22001457a 4500 | ||
|---|---|---|---|
| 003 | SISC | ||
| 005 | 20170525085158.0 | ||
| 008 | 160118b xxu||||| |||| 00| 0 eng d | ||
| 100 | _aKim, Keum Do | ||
| 245 |
_aParental Pressure and School Performance of Grade 4 and Garde 5 Students of SISC _cKim, Keum Do |
||
| 260 | _c2015 | ||
| 300 | _a20 p. | ||
| 500 | _aIncludes Bibliography | ||
| 942 |
_2lcc _cBK |
||
| 999 |
_c290424 _d290424 |
||